000 00481ntaaa2200181 4500
003 01
005 20251027201816.0
008 0714s1973 ag 01
040 _aAR-BaBN
_bspa
_cAR-BaBN
_eaacr
_dRIC
082 _a242.6000 W59
100 _aWhitman, Virginia
_916537
245 _aPláticas devocionales para ocasiones especiales
250 _a1 ed.
260 _aEl Paso :
_bCasa Bautista de Publicaciones,
_c1964
300 _a72 p
650 _adevocionales
_94029
942 _cBK
999 _c12765
_d12765